| 000 | 00672cam a2200241 4500 | ||
|---|---|---|---|
| 001 | B2838 | ||
| 008 | 090401t1990 xxu||||| |||| 00| 0 eng d | ||
| 035 | _a(Sirsi) u52483 | ||
| 041 | _aeng | ||
| 050 | _a690.25 | ||
| 110 | _aBuilding Research Establishment | ||
| 245 | _aWater storage cisterns: warning pipes. | ||
| 260 |
_aGarston,Watford _bBuilding Research Establishment _c1990 |
||
| 300 | _a1 sheet : ill. ; 30cm. | ||
| 350 | _a0 | ||
| 490 |
_aDefect Action Sheet _v141 (Design) |
||
| 490 |
_aDAS _v141 |
||
| 520 | _aSupersedes DAS 61. | ||
| 650 | _aBUILDING DEFECTS | ||
| 690 | _aBUILT ENVIRONMENT-BUILDING PATHOLOGY | ||
| 942 | _n0 | ||
| 948 | _c04/03/1997 | ||
| 999 |
_c93085 _d93085 |
||